| 000 | 00674nam a22001937a 4500 | ||
|---|---|---|---|
| 999 |
_c4056 _d4056 |
||
| 003 | AR-CdUCM | ||
| 008 | 190307b ||||| |||| 00| 0 spa d | ||
| 040 |
_aMUNICIPALIDAD PROVINCIAL DEL CUSCO _cBIBLIOTECA MUNICIPAL DEL CUSCO |
||
| 082 |
_a272.107 / _bL83 |
||
| 100 |
_aLohmann Villena ,Guillermo _912900 |
||
| 245 |
_aInquisidores, Virreyes y Disidentes : _bEl Santo Oficio y la sátira política / |
||
| 260 |
_aPerú : _bFondo Editorial del Congreso del Perú , _c1999. |
||
| 300 |
_a214 páginas ; _c20.5 cm. |
||
| 650 |
_aLiteratura Sátirica _912901 |
||
| 650 |
_aHistoria Colonial _96071 |
||
| 650 |
_aSanta Inquisicion _912902 |
||
| 942 |
_2ddc _cLIBROS |
||
| 945 | _artm | ||